00830nam a2200193 a 450000100100000000500170001000800410002704000250006808200160009310000350010924501500014426000360029430000210033050400290035104900090038095201130038995201190050299900150062100000567020200929151735.0090821s1995 dr 000 0 spa d aDO-SdBNPbspacBNPHU axxxxbR457e1 aReyes Sánchez, Miguel91602710aEstudios jurídicos bancarios :by otros aportes de derecho de la integración económica e internacional público /cMiguel Reyes Sánchez. aSanto Domingo :b[s.n.],c1995. a173 p. ;c21 cm. aBibliografía : p.63-69 aBNPD 0010718PDaPDbPDcHDd2009-08-21iLF1l0oxxxx R457ep5670-10r2020-06-25w2020-06-25yLFPDZNo se presta 0010718PDaPDbPDcHDd2009-09-02iLF1l0oxxxx R457ep5670-20r2020-06-25te. 2w2020-06-25yLFPDZNo se presta c5468d5468